| 000 | 01765cam a22004574i 4500 | ||
|---|---|---|---|
| 003 | PE-LiUPU | ||
| 005 | 20250731172923.0 | ||
| 008 | 150623s1993 be r 000 0 eng d | ||
| 020 | _a906186531X | ||
| 035 | _a(Sirsi) i9789061865315 | ||
| 040 |
_aPE-LiUPU _bspa _cPE-LiUPU _erda |
||
| 049 | _aPRUA | ||
| 082 | 0 | 4 |
_a224.5077 _bB12 _221 |
| 245 | 0 | 4 |
_aThe book of Daniel in the light of new findings / _ceditado por A. S. Van Der Woude. |
| 264 | 1 |
_aLeuven, Belgium : _bLeuven university press, _c1993. |
|
| 300 |
_a574 páginas ; _c25 centímetros. |
||
| 336 |
_atext _2rdacontent |
||
| 337 |
_aunmediated _2rdamedia |
||
| 338 |
_avolume _2rdacarrier |
||
| 490 | 1 |
_aBibliotheca ephemeridum theologicarum Lovaniensium. series III ; _v106 |
|
| 505 | 0 | _aBilingualism and greek versions -- Literary-critical, form-critical and tradition-critical problems -- Literary and sociological appoaches -- General historical and religio-historical problems -- Other studies. | |
| 526 | _aSEG42 | ||
| 526 | _aSEG41 | ||
| 526 | _aSEG40 | ||
| 526 | _aSEG39 | ||
| 526 | _aP94 | ||
| 526 | _aP87 | ||
| 526 | _aP86 | ||
| 526 | _aP85 | ||
| 526 | _aP77 | ||
| 526 | _aP76 | ||
| 526 | _aP35 | ||
| 630 |
_aBiblia. _pA.T. _pDaniel _xComentarios. |
||
| 700 | 1 |
_aWoude, A. S. Van Der, _eeditor. |
|
| 942 |
_2ddc _cBOOK |
||
| 949 |
_a224.5077 B12 _wDEWEY _c1 _i43824 _lCCODEBUL1 _mBUL _r0 _sY _tBOOK _u2015-6-24 _xTEOLOGIA _PP35 _0COMPRA _o.STAFF. Colección Teología |
||
| 994 |
_aC0 _bPEPRU |
||
| 596 | _a1 | ||
| 999 |
_a224.5077 B12 _wDEWEY _c20228 _i43824 _d20228 _e2017-9-21 _f2021-11-11 _g5 _lCCODEBUL1 _mBUL _n2 _p25.00 _q3 _r0 _sY _tBOOK _u2015-6-24 _xTEOLOGIA _PP35 _0COMPRA _o.STAFF. Colección Teología |
||
| 980 |
_81 _gALBERTO SANCHEZ Responsable de Automatización |
||